Intelligent Control Systems with LabView TM
Guardado en:
| Autores principales: | , |
|---|---|
| Formato: | Libro |
| Lenguaje: | inglés |
| Publicado: |
Springer Verlag London,
2010
|
| Edición: | 1. vyd. |
| Materias: | |
| Etiquetas: |
Sin Etiquetas, Sea el primero en etiquetar este registro!
|
MARC
| LEADER | 00000nam a22000003a 4500 | ||
|---|---|---|---|
| 001 | stu235918 | ||
| 005 | 20190206105206.1 | ||
| 008 | 111010s2010------------------------eng-d | ||
| 020 | |a 978-1-84882-683-0 | ||
| 040 | |a STU |b slo | ||
| 041 | 0 | |a eng | |
| 080 | |a 531 |7 stu_us_auth*stu7974 | ||
| 100 | 1 | |a Cruz, Pedro Ponce |4 aut | |
| 245 | 1 | |a Intelligent Control Systems with LabView TM | |
| 250 | |a 1. vyd. | ||
| 260 | |b Springer Verlag London, |c 2010 | ||
| 300 | |a 216 s |c CD | ||
| 650 | 7 | |a mechatronika |2 stusub | |
| 700 | 1 | |a Figueroa, Fernando D. Ramírez |4 aut | |
| 996 | |b 284J039443 |c J*114219 |l JJSK |s A |a 24 |w stu235918_0001 | ||